ბათუმის შოთა რუსთაველის სახელმწიფო უნივერსიტეტის ბიბლიოთეკა

ოცდასამი წლის შემდეგ : (ბიბ.ჩანაწერი № 62767)

000 -ლიდერი
ფიქსირებული სიგრძის საკონტროლო ველი 01027nam a22002057a 4500
003 - საკონტროლო ნომრის იდენტიფიკატორი
საკონტროლო ველი Ge_BSU
005 - ბოლო ოპერაციის თარიღი და დრო
საკონტროლო ველი 20250210162102.0
008 - ფიქსირებული სიგრძის მონაცემთა ელემენტები - ზოგადი ინფორმაცია
ფიქსირებული სიგრძის საკონტროლო ველი 250210s2013 ge ||||| |||| 00| 0 geo d
020 ## - წიგნის საერთაშორისო სტანდარტული ნომერი
International Standard Book Number 9789941211119
041 ## - ენის კოდი
Language code of text/sound track or separate title geo
080 ## - უნივერსალური ათობითი კლასიფიკაციის ინდექსი
Universal Decimal Classification number 821.353.1-94 პ-21
100 ## - მთავარი ჩანაწერი - პიროვნების სახელი
Personal name პატიაშვილი, ჯუმბერ
9 (RLIN) 24301
245 ## - ცნობა სათაურის შესახებ
Title ოცდასამი წლის შემდეგ :
Remainder of title [მოგონებები] /
Statement of responsibility, etc ჯუმბერ პატიაშვილი; თანაავტ. ელგა ფოლადიშვილი; რედ. ხათუნა ნონიაშვილი.
264 ## - წარმოების, გამოცემის, დისტრიბუციის და სხვა ცნობები
გამოცემის, წარმოების, დისტრიბუციის... ადგილი თბ. :
გამოცემის, წარმოების, დისტრიბუციის... სახელწოდება პალიტრა L,
გამოცემის, წარმოების, დისტრიბუციის... თარიღი 2013.
300 ## - ფიზიკური აღწერა
Extent 296 გვ. :
Other physical details ფოტ. + 1 დისკი
Dimensions 24 სმ.
653 ## - INDEX TERM--UNCONTROLLED
Uncontrolled term მოგონებები
700 ## - ADDED ENTRY--PERSONAL NAME
Personal name ფოლადიშვილი, ელგა
Relator term ავტორი
9 (RLIN) 24302
700 ## - ADDED ENTRY--PERSONAL NAME
Personal name ნონიაშვილი, ხათუნა
Relator term რედაქტორი
9 (RLIN) 15791
942 ## - ADDED ENTRY ELEMENTS (KOHA)
Source of classification or shelving scheme
Koha item type წიგნი
ეგზემპლარები
ჩამოწერის სტატუსი დაკარგული ეგზემპლარის სტატუსი კლასიფიკაციის წყარო ან თაროზე გაწყობის სქემა დაზიანების სტატუსი არ გაიცემა მუდმივი მდებარეობა (დაცვის ადგილი) ამჟამინდელი ადგილსამყოფელი თაროზე განთავსების ადგილი შეძენის თარიღი ღირებულება, შესყიდვის ნორმალური ფასი სრული შენახვის შიფრი შტრიხკოდი ბოლო ოპერაციის თარიღი ეგზემპლარის მიმდევრობითი ნომერი (კეტერი?) Uniform Resource Identifier ფასის ძალაში შესვლის თარიღი ეგზემპლარის სახეობა საჯარო შენიშვნა
          ბათუმის შოთა რუსთაველის სახელმწიფო უნივერსიტეტის მთავარი ბიბლიოთეკა ბათუმის შოთა რუსთაველის სახელმწიფო უნივერსიტეტის მთავარი ბიბლიოთეკა წიგნსაცავი 2025-02-10 15.00 821.353.1-94 პ-21 70607 2025-02-10 70607 ნაჩუქარი 2025-02-10 წიგნი 15 ლ.